Storytelling through animation

Αποθηκεύτηκε σε:
Λεπτομέρειες βιβλιογραφικής εγγραφής
Κύριος συγγραφέας: Wellins, Mike
Μορφή: Βιβλίο
Γλώσσα:English
Δημοσίευση: Hingham, Mass. : Charles River Media, c2006.
Σειρά:Charles River Media graphics
Θέματα:
Ετικέτες: Προσθήκη ετικέτας
Δεν υπάρχουν, Καταχωρήστε ετικέτα πρώτοι!

MARC

LEADER 00000cam a2200000 i 4500
001 1/59005
008 071017s2006 mau| ||| |||| ||eng||
020 |a 1584503947 
035 |l 10091585 
040 |a GR-MyUa  |b gre  |e AACR2 
041 0 |a eng 
082 7 |a 791.4334   |2 (22) 
100 1 |a Wellins, Mike. 
245 1 0 |a Storytelling through animation /   |c Mike Wellins.  
260 |a Hingham, Mass. :   |b Charles River Media,   |c c2006. 
300 |a xxviii, 435 σ. :   |b εικ. (μερικές έγχρ.) ;   |c 23 εκ. +   |e 1 οπτική δισκέτα λέϊζερ Η/Υ (4 3/4 ίν.) 
490 1 |a (Charles River Media graphics series) 
500 |a Περιλαμβάνει ευρετήριο. 
650 0 |a Computer animation. 
650 0 |a Computer graphics. 
650 0 |a Animation (Cinematography) 
830 0 |a Charles River Media graphics 
852 |a INST  |b SYROS  |e 20071017  |h 791.4334 WEL  |p 005500007027  |q 005500007027  |t BK  |y 4  |x 20190930 
852 |a INST  |b SYROS  |e 20071017  |h 791.4334 WEL   |p 005500007023  |q 005500007023  |t BK  |y 0 
901 |a BIBL5-2007-3 
922 |a 5ΕΛΗ  |b 200709  |c Βιβλιοθήκη Σύρου  |d Glory Book 
970 |a Καγιαβά  |b Ειρήνη  |z 17/10/2007